Whistle me home /

Seventeen-year-old Noli feels as if she has found her soul mate when handsome, sensitive TJ moves to Sag Harbor, but even as their feelings deepen, individual secrets threaten their relationship.

Bibliographic Details
Main Author: Wersba, Barbara, 1932-
Format: Book
Language:English
Published: New York : Holt, [1997]
Edition:1st ed.
Subjects:

MARC

Tag First Indicator Second Indicator Subfields
LEADER 00000cam a2200000 a 4500
001 in00001404865
005 20210904063009.0
008 960531s1997 nyu d 000 1 eng
010 |a  96025573  
020 |a 0805048502 (alk. paper) 
035 |a (OCoLC)34951345 
035 |9 AHP4369AM 
040 |a DLC  |c DLC  |d TXA  |d UtOrBLW 
049 |a TXAM 
050 0 0 |a PZ7.W473  |b Wh 1997 
082 0 0 |a [Fic]  |2 20 
100 1 |a Wersba, Barbara,  |d 1932- 
245 1 0 |a Whistle me home /  |c Barbara Wersba. 
250 |a 1st ed. 
264 1 |a New York :  |b Holt,  |c [1997] 
264 4 |c ©1997 
300 |a 108 pages ;  |c 22 cm. 
336 |a text  |b txt  |2 rdacontent 
337 |a unmediated  |b n  |2 rdamedia 
338 |a volume  |b nc  |2 rdacarrier 
520 |a Seventeen-year-old Noli feels as if she has found her soul mate when handsome, sensitive TJ moves to Sag Harbor, but even as their feelings deepen, individual secrets threaten their relationship. 
650 1 |a Homosexuality  |x Fiction. 
650 1 |a Alcoholism  |x Fiction. 
650 1 |a Love  |x Fiction. 
948 |a c:ce 
999 |a MARS 
999 f f |s 8c863cf1-274a-3922-bddc-bb69a3b89fac  |i 59e7dc57-45a3-3881-a240-ca70eb85a8bd  |t 0 
952 f f |p normal  |a Texas A&M University  |b College Station  |c Sterling C. Evans Library  |d Evans: Curriculum Collection (4th floor)  |t 0  |e PZ7.W473 Wh 1997  |h Library of Congress classification  |i unmediated -- volume  |m A14823400454 
998 f f |a PZ7.W473 Wh 1997  |t 0  |l Evans: Curriculum Collection (4th floor)